Busiest MBTA Stations - Statistics

General Stats
  • This quiz has been taken 147 times
    146 since last reset
  • The average score is 39 of 50
Answer Stats
Average Weekday Boardings Answer % Correct
25,037 South Station
99%
17,079 North Station
95%
23,478 Downtown Crossing
93%
23,199 Harvard
93%
10,828 Government Center
92%
15,433 Kendall/MIT
92%
7,429 Airport
89%
18,100 Back Bay
89%
5,122 Braintree
89%
11,469 Haymarket
89%
19,653 Park Street
89%
11,221 Alewife
88%
12,065 Charles/MGH
88%
15,150 Forest Hills
88%
10,433 Ruggles
88%
9,503 Kenmore
87%
6,826 Boylston
86%
8,920 JFK/UMass
86%
8,850 Porter
86%
13,258 State
86%
6,105 Wonderland
86%
6,590 Oak Grove
84%
6,425 Andrew
83%
8,519 Arlington
83%
9,293 Ashmont
82%
5,264 Broadway
82%
12,857 Davis
82%
6,498 Chinatown
80%
6,421 Lechmere
79%
12,686 Malden Center
78%
8,655 Quincy Center
76%
4,776 Aquarium
75%
4,785 Quincy Adams
75%
16,525 Central
74%
14,021 Copley
72%
7,609 Wellington
72%
4,956 Community College
70%
10,106 Maverick
70%
10,125 Sullivan Square
67%
6,106 Tufts Medical Center
64%
6,975 North Quincy
63%
3,643 Prudential
63%
4,727 Roxbury Crossing
63%
4,624 Wollaston
62%
5,828 Jackson Square
59%
8,946 Hynes Convention Center
54%
6,417 Massachusetts Avenue
54%
3,618 Green Street
53%
5,298 Fields Corner
51%
3,652 Stony Brook
51%
No matching quizzes found
Score Distribution
Percent of People with Each Score
Percentile by Number Answered
Your Score History
You have not taken this quiz since the last reset